Сравнительное изучение возможностей полноэлектронного базисного набора и псевдопотенциала для атома иода в квантово-химических расчетах иодсодержащих соединений методом функционала плотности; Журнал структурной химии; Т. 49, № 3

Dades bibliogràfiques
Parent link:Журнал структурной химии: научный журнал/ Российская академия наук (РАН), Сибирское отделение (СО).— , 1961-
Т. 49, № 3.— 2008
Autor principal: Юрьева А. Г.
Altres autors: Полещук О. Х., Филимонов В. Д. Виктор Дмитриевич
Sumari:Впервые проведено систематическое исследование расчетных возможностей метода функционала плотности B3LYP в полноэлектронном базисе dgdzvp и с учетом псевдопотенциала для соединений иода. Показано, что в целом полноэлектронный базис дает более близкие к экспериментальным значения длин связей X-I и энтальпии реакций иодирования органических соединений при одинаковой адекватности в расчетах ИК-колебаний связей X-I в сравнении с использованием псевдопотенциала. Полноэлектронный базис позволяет также адекватно рассчитывать величины констант квадрупольного взаимодействия атомов иода и в целом является более производительным по времени расчетов
В фонде НТБ ТПУ отсутствует
Idioma:rus
Publicat: 2008
Matèries:
Format: MixedMaterials Capítol de llibre
KOHA link:https://koha.lib.tpu.ru/cgi-bin/koha/opac-detail.pl?biblionumber=595985

MARC

LEADER 00000naa0a2200000 4500
001 595985
005 20250324105201.0
035 |a (RuTPU)RU\TPU\tpu\17909 
090 |a 595985 
100 |a 20100816d2008 k||y0rusy50 ca 
101 0 |a rus 
102 |a RU 
200 1 |a Сравнительное изучение возможностей полноэлектронного базисного набора и псевдопотенциала для атома иода в квантово-химических расчетах иодсодержащих соединений методом функционала плотности  |f А. Г. Юрьева, О. Х. Полещук, В. Д. Филимонов 
330 |a Впервые проведено систематическое исследование расчетных возможностей метода функционала плотности B3LYP в полноэлектронном базисе dgdzvp и с учетом псевдопотенциала для соединений иода. Показано, что в целом полноэлектронный базис дает более близкие к экспериментальным значения длин связей X-I и энтальпии реакций иодирования органических соединений при одинаковой адекватности в расчетах ИК-колебаний связей X-I в сравнении с использованием псевдопотенциала. Полноэлектронный базис позволяет также адекватно рассчитывать величины констант квадрупольного взаимодействия атомов иода и в целом является более производительным по времени расчетов 
333 |a В фонде НТБ ТПУ отсутствует 
461 |t Журнал структурной химии  |o научный журнал  |f Российская академия наук (РАН), Сибирское отделение (СО)  |d 1961- 
463 |t Т. 49, № 3  |d 2008 
610 1 |a труды учёных ТПУ 
700 1 |a Юрьева  |b А. Г. 
701 1 |a Полещук  |b О. Х. 
701 1 |a Филимонов  |b В. Д.  |c химик  |c профессор Томского политехнического университета, доктор химических наук  |f 1945-  |g Виктор Дмитриевич  |3 (RuTPU)RU\TPU\pers\12908  |9 3693 
801 1 |a RU  |b 63413507  |c 20100816 
801 2 |a RU  |b 63413507  |c 20130709  |g RCR 
942 |c CR